đź“– 150 premiers mots "La guerre des boutons" Louis Pergaud - Statistiques

Statistiques générales
  • Ce quiz a Ă©tĂ© pris 25 fois
  • Le rĂ©sultat moyen est 53 sur 150
Statistiques - réponses
Mots % Correct
a
95%
Ă 
95%
l'
95%
L'
95%
le
90%
Le
90%
s'
90%
d'
85%
de
85%
la
85%
dès
80%
Des
80%
des
80%
Boulot,
75%
Boulot
75%
et
75%
Et
75%
Gibus,
75%
Grangibus !
75%
j'
75%
les
75%
Les
75%
C'
60%
en
55%
par
55%
que
55%
se
55%
un
55%
Un
55%
- Ça
50%
du
50%
était
50%
sa
50%
ses
50%
une
50%
- Y
50%
ai
45%
nus,
45%
pas
45%
qui
45%
dans
40%
tous
35%
aux
30%
comme
30%
moi,
30%
moi !
30%
- Quoi ?
30%
temps
30%
octobre.
25%
sous
25%
toi,
25%
alors,
20%
classe,
20%
toujours !
20%
camarades
15%
coup
15%
étaient
15%
feuilles
15%
maison
15%
matin
15%
noyer
15%
pommiers
15%
pruniers
15%
air
10%
deux
10%
neuf ?
10%
tombaient
10%
trois
10%
vent
10%
- Viens
10%
gris
5%
gros
5%
humide
5%
livres
5%
note ...
5%
nuages
5%
pourrait !
5%
rendait
5%
seul
5%
abord,
0%
accentuait
0%
angle
0%
- Attends-
0%
ayant
0%
batteuses
0%
bras.
0%
cahiers
0%
campagne
0%
chute
0%
ciel
0%
collines
0%
commune.
0%
continuèrent
0%
cotainer,
0%
cĂ´te
0%
couraient
0%
devenait
0%
direction
0%
donnait
0%
épervier
0%
- Grouille-
0%
héla
0%
horizon
0%
intervalles.
0%
jaunes,
0%
large
0%
lent
0%
limitait
0%
marcher
0%
mélancolique.
0%
moins
0%
monotone
0%
obtus.
0%
ondes
0%
plané,
0%
plongeon
0%
prochaines
0%
rejoint
0%
ronflement
0%
sorte
0%
tiède.
0%
tourmenté
0%
vol
0%
Aucun quiz correspondant
Distribution des résultats
% des personnes avec chaque résultat
Percentile par nombre de réponses
Votre historique - résultats
Vous n’avez pas pris ce quiz